| 000 | 01522nam a2200325 a 4500 | ||
|---|---|---|---|
| 001 | 000034370 | ||
| 003 | DO-SdBNP | ||
| 005 | 20180214083259.0 | ||
| 007 | 000034370 | ||
| 008 | 111004s2008 dr ac 001 0cspa d | ||
| 040 |
_aBPMET _bspa _cBPMET |
||
| 092 |
_a796.357092 _bM671v |
||
| 100 | 1 | _aMirabal, Franklin | |
| 245 | 1 | 4 |
_aLos 25 mejores / _cFranklin Mirabal ; prólogo Cuqui Córdova. |
| 246 | 1 | 4 | _aLos veinticinco mejores |
| 260 |
_aSanto Domingo : _bCorripio, _c2008. |
||
| 300 |
_a103 p. : _bil., retrs. ; _c24 cm. |
||
| 505 | 0 |
_gPrólogo / _rCuqui Córdova -- _tMiguel Diloné -- _tLuis Polonia -- _tManuel Mota -- _tFelipe Alou -- _tRicardo Carty -- _tGuayubín Olivo -- _tJuan Marichal -- _tDanilo Rivas -- _tTony Peña -- _tMateo Alou -- _tJesús Alou -- _tEl Gallo Batista -- _tChichí Olivo -- _tPedro González -- _tMario Soto -- _tJoaquín Andújar -- _tSilvano Quesada -- _tArturo Peña -- _tStanley Javier -- _tCésar Gerónimo -- _tRafael Landestoy -- _tPedro Borbón -- _tChilote Llenas -- _tFélix José -- _tMendy López. |
|
| 650 | 4 |
_aJUGADORES DE BEISBOL _xBIOGRAFÍAS |
|
| 650 | 4 |
_aBEISBOL _zREPÚBLICA DOMINICANA |
|
| 700 | 1 |
_aCórdova, Cuqui, _epról. |
|
| 910 | _aValidado. Control de calidad EMS | ||
| 930 | 1 |
_lBND01 _mLF1 _820140714 _f04 _pHD _g45562 |
|
| 942 |
_2ddc _cBK |
||
| 945 | _ainventariado, 2018 / dg | ||
| 956 |
_aDGARCIA _b10 _c20111004 _lBND01 _h0818 |
||
| 956 |
_aVMATEO _b10 _c20111006 _lBND01 _h1402 |
||
| 956 |
_aEMARRERO _b40 _c20120501 _lBND01 _h1956 |
||
| 956 |
_aVMATEO _b10 _c20150511 _lBMET02 _h00151 |
||
| 999 |
_c7842 _d7842 |
||